Investigación Acción Participativa (Registro nro. 6603)

Detalles MARC
000 -CABECERA
Campo de control 01547nam a2200253 a 4500
005 - FECHA Y HORA DE LA ULTIMA TRANSACCION
Campo de control 20140220020002.0
008 - ELEMENTOS DE LONGITUD FIJA—INFORMACION GENERAL
Campo de control 140130b2007 ck ||||| |||| 00| 0 spa d
041 ## - IDIOMA
Código de idioma para texto/pista de sonido o título separado Español
044 ## - PAÍS DE PUBLICACIÓN
País de publicación Colombia
090 ## - CLASIFICACIÓN LOCAL
Colección IAVH
Consecutivo 01136
100 ## - ASIENTO PRINCIPAL--NOMBRE PERSONAL
Nombre personal Cárdenas Botero, Klaudia
245 ## - MENCION DE TITULO
Título Investigación Acción Participativa
Parte restante del título herramientas metodológicas
260 ## - PUBLICACION, DISTRIBUCION, ETC. (PIE DE IMPRENTA)
Lugar de publicación, distribución, etc. Bogotá
Nombre del editor, distribuidor, etc. Instituto Alexander von Humboldt
Fecha de publicación, distribución, etc. 2007
300 ## - DESCRIPCION FISICA
Extensión 32 p.
520 ## - NOTA DE RESUMEN, ETC.
Nota de resumen En el marco del proyecto Sviluppo rurale, sanitá di base attraverso LŽuso di risorse locali in quattro comunitá desplazadas della Colombia, componente recuperación de prácticas locales en la salud y la alimentación, se elaboraron las metodologías para identificar y documentar las prácticas sobresalientes de seguridad alimentaria y la salud en sistemas productivos en las áreas seleccionadas. Para ellos se elaboró un inventario de plantas de uso alimenticio y de la salud con la familia (formato Lo que tenemos); distribución de especies en espacios de uso: huerto-cultivo; se elaboró un calendario productivo y su asociación con eventos culturales de la comunidad (Qué sabemos de nuestras plantas); análisis de la percepción de importancia de espacios de uso en huertas y cultivos entre otros
650 ## - ASIENTO SECUNDARIO DE MATERIA - TERMINO TEMATICO
Término temático o nombre geográfico como elemento de entrada Investigación acción participativa
650 ## - ASIENTO SECUNDARIO DE MATERIA - TERMINO TEMATICO
Término temático o nombre geográfico como elemento de entrada Huertos
650 ## - ASIENTO SECUNDARIO DE MATERIA - TERMINO TEMATICO
Término temático o nombre geográfico como elemento de entrada Salud
650 ## - ASIENTO SECUNDARIO DE MATERIA - TERMINO TEMATICO
Término temático o nombre geográfico como elemento de entrada Alimentación
650 ## - ASIENTO SECUNDARIO DE MATERIA - TERMINO TEMATICO
Término temático o nombre geográfico como elemento de entrada Prácticas tradicionales
650 ## - ASIENTO SECUNDARIO DE MATERIA - TERMINO TEMATICO
Término temático o nombre geográfico como elemento de entrada Seguridad alimetaria
942 ## - ELEMENTOS ADICIONALES (KOHA)
Tipo de ítem Impreso
Sistema de clasificación Local
Koha issues (borrowed), all copies 1
945 ## - PROCESAMIENTO LOCAL
AAAA-MM-DD - Fecha de ingreso o modificacion 2008-09-22
Existencias
Withdrawn status Lost status Sistema de Clasificación Damaged status No para préstamo Colección Inventariado Ubicación Permanente Ubicación actual Fecha de adquisición Total Checkouts Número topográfico Inventario / Código de Barras Date last seen Date checked out Ejemplar Price effective from Forma de adquisición Tipo de material
    Local     Humboldt Inventariado 2017 Bogotá Bogotá 22/09/2008 1 IAVH-01136 026408 09/08/2024 19/02/2014 Ej. 1 04/12/2012   Informe Técnico